சேரமன்னா் வரலாறு

Saved in:
Bibliographic Details
Main Author: துரைசாமிப்பிள்ளை
Format: Book
Language:English
Published: இந்தியா ரிதம் வெளியீடு 2023
Tags: Add Tag
No Tags, Be the first to tag this record!

MARC

LEADER 00000nam a22000007a 4500
005 20251205093726.0
008 251205b |||||||| |||| 00| 0 eng d
020 |a 9789393724212 
082 |a 920  |b துரைசா 
100 |a துரைசாமிப்பிள்ளை 
245 |a சேரமன்னா் வரலாறு  |c சு.துரைசாமிப்பிள்ளை 
260 |a இந்தியா  |b ரிதம் வெளியீடு  |c 2023 
300 |a 232 
942 |c BK 
999 |c 16500  |d 16500